[Event "Florianopolis op 9th"]
[Site "Florianopolis"]
[Date "2023.01.27"]
[Round "7"]
[White "Vargas, Gabriela"]
[Black "Da Rosa, Henrique Jaze Simoe"]
[Result "1/2-1/2"]
[WhiteElo "2145"]
[BlackElo "1838"]
[PlyCount "57"]
[EventDate "2023.01.23"]
[EventType "swiss"]
[EventRounds "10"]
[EventCountry "BRA"]
[SourceTitle "CBM 212 Extra"]
[Source "ChessBase"]
[SourceDate "2023.03.31"]
[SourceVersion "1"]
[SourceVersionDate "2023.03.31"]
[SourceQuality "1"]

1. d4 d5 2. Bg5 f6 3. Bf4 Nc6 4. Nf3 Bg4 5. Nbd2 Nxd4 6. Nxd4 e5 7. h3 Bh5 8. Ne6 Qd6 9. Nxf8 exf4 10. Nxh7 Rxh7 11. c3 0-0-0 12. Qa4 Kb8 13. 0-0-0 Ne7 14. Ne4 Qb6 15. Qa3 Nc6 16. Nc5 g5 17. g4 fxg3 18. fxg3 Re7 19. Bg2 Re5 20. g4 Bg6 21. e3 Qb5 22. Rhe1 Qb6 23. Bf1 Ne7 24. Rd4 Qd6 25. Rb4 b6 26. Rb5 Be8 27. Na6+ Kb7 28. Nc5+ Kb8 29. Na6+ 1/2-1/2

[Event "Sao Jose dos Campos op"]
[Site "Sao Jose dos Campos"]
[Date "2021.10.12"]
[Round "6"]
[White "Miquelin, Nicolas Seoane"]
[Black "Da Rosa, Henrique Jaze Simoe"]
[Result "1-0"]
[WhiteElo "2066"]
[BlackElo "1788"]
[PlyCount "69"]
[EventDate "2021.10.09"]
[EventType "swiss"]
[EventRounds "7"]
[EventCountry "BRA"]
[SourceTitle "CBM 204 Extra"]
[Source "ChessBase"]
[SourceDate "2021.11.30"]
[SourceVersion "1"]
[SourceVersionDate "2021.11.30"]
[SourceQuality "1"]

1. c4 c6 2. e4 d5 3. cxd5 cxd5 4. exd5 Nf6 5. d4 Nxd5 6. Nc3 Nc6 7. Nf3 e6 8. a3 Be7 9. Bd3 Bf6 10. 0-0 0-0 11. Ne4 h6 12. b4 Bxd4 13. Nxd4 Nxd4 14. f4 Nf5 15. Rf2 a5 16. b5 Qb6 17. g4 Nfe3 18. Qf3 f5 19. gxf5 exf5 20. Nc3 Be6 21. Nxd5 Nxd5 22. Bb2 Nf6 23. Kf1 Bd5 24. Qh3 Ng4 25. Re2 Qg6 26. Qg3 Rae8 27. Rae1 Qh5 28. h3 Rxe2 29. Bxe2 Re8 30. hxg4 fxg4 31. Be5 Rf8 32. Bxg4 Bc4+ 33. Kg1 Qf7 34. Rd1 Bxb5 35. Be6 1-0

[Event "Sao Jose dos Campos op"]
[Site "Sao Jose dos Campos"]
[Date "2021.10.11"]
[Round "5"]
[White "Da Rosa, Henrique Jaze Simoe"]
[Black "Ichimura G Barbosa, Larissa Yuki"]
[Result "1-0"]
[WhiteElo "1788"]
[BlackElo "2007"]
[PlyCount "41"]
[EventDate "2021.10.09"]
[EventType "swiss"]
[EventRounds "7"]
[EventCountry "BRA"]
[SourceTitle "CBM 204 Extra"]
[Source "ChessBase"]
[SourceDate "2021.11.30"]
[SourceVersion "1"]
[SourceVersionDate "2021.11.30"]
[SourceQuality "1"]

1. Nf3 Nf6 2. c4 g6 3. g3 Bg7 4. Bg2 0-0 5. 0-0 d6 6. d4 Nc6 7. Nc3 e5 8. d5 Nb8 9. e4 a5 10. h3 Na6 11. Be3 Nd7 12. a3 Ndc5 13. b4 axb4 14. axb4 Bxh3 15. Bxh3 Nxb4 16. Bxc5 dxc5 17. Rxa8 Qxa8 18. Qa1 Qd8 19. Qa7 f5 20. Qxc5 fxe4 21. Nxe4 1-0

[Event "Sao Jose dos Campos op"]
[Site "Sao Jose dos Campos"]
[Date "2021.10.11"]
[Round "4"]
[White "De Borba, Guilherme"]
[Black "Da Rosa, Henrique Jaze Simoe"]
[Result "1-0"]
[WhiteElo "2270"]
[BlackElo "1788"]
[PlyCount "55"]
[EventDate "2021.10.09"]
[EventType "swiss"]
[EventRounds "7"]
[EventCountry "BRA"]
[SourceTitle "CBM 204 Extra"]
[Source "ChessBase"]
[SourceDate "2021.11.30"]
[SourceVersion "1"]
[SourceVersionDate "2021.11.30"]
[SourceQuality "1"]

1. d4 d5 2. c4 c6 3. cxd5 cxd5 4. Nc3 Nf6 5. Nf3 Nc6 6. Bf4 Bf5 7. e3 e6 8. Bb5 Bb4 9. Ne5 Qb6 10. Qa4 Bxc3+ 11. bxc3 Rc8 12. c4 0-0 13. c5 Qa5+ 14. Qxa5 Nxa5 15. f3 h6 16. g4 Bh7 17. h4 a6 18. Ba4 b6 19. g5 Nh5 20. cxb6 Nxf4 21. exf4 Rc3 22. Kf2 Ra3 23. Bd7 Nc4 24. b7 Rb8 25. Bc8 Nxe5 26. fxe5 h5 27. Rhc1 Ra4 28. Bxe6 1-0

[Event "Caxambu op"]
[Site "Caxambu"]
[Date "2020.03.07"]
[Round "3"]
[White "Da Rosa, Henrique Jaze Simoe"]
[Black "Vicentin, Marcos Tadeu"]
[Result "1/2-1/2"]
[WhiteElo "1727"]
[BlackElo "1954"]
[PlyCount "36"]
[EventDate "2020.03.06"]
[EventType "swiss"]
[EventRounds "6"]
[EventCountry "BRA"]
[SourceTitle "CBM 195 Extra"]
[Source "ChessBase"]
[SourceDate "2020.05.31"]
[SourceVersion "1"]
[SourceVersionDate "2020.05.31"]
[SourceQuality "1"]

1. Nf3 c5 2. c4 Nf6 3. g3 e6 4. Bg2 Be7 5. 0-0 0-0 6. Nc3 a6 7. Re1 Qc7 8. b3 d6 9. Bb2 Bd7 10. d4 cxd4 11. Nxd4 Nc6 12. Rc1 Qb6 13. Na4 Qd8 14. Nc3 Rc8 15. e4 Qb6 16. Na4 Qd8 17. Nc3 Qb6 18. Na4 Qd8 1/2-1/2

[Event "Caxambu op"]
[Site "Caxambu"]
[Date "2020.03.06"]
[Round "1"]
[White "Miguel, Gabriel Carvalho Mo"]
[Black "Da Rosa, Henrique Jaze Simoe"]
[Result "1-0"]
[WhiteElo "2230"]
[BlackElo "1727"]
[PlyCount "63"]
[EventDate "2020.03.06"]
[EventType "swiss"]
[EventRounds "6"]
[EventCountry "BRA"]
[SourceTitle "CBM 195 Extra"]
[Source "ChessBase"]
[SourceDate "2020.05.31"]
[SourceVersion "1"]
[SourceVersionDate "2020.05.31"]
[SourceQuality "1"]

1. e4 e5 2. Nf3 Nc6 3. Bc4 Nf6 4. d3 Be7 5. 0-0 0-0 6. c3 d6 7. Bb3 Na5 8. Bc2 c5 9. Nbd2 h6 10. Re1 Nc6 11. Nf1 b5 12. Ng3 a6 13. h3 Qc7 14. Nh2 d5 15. Ng4 d4 16. Qf3 Bxg4 17. hxg4 Nh7 18. Nf5 Bg5 19. Qg3 Rad8 20. Bb3 Na5 21. Bd5 Nf6 22. cxd4 cxd4 23. Bxg5 hxg5 24. Rac1 Qb8 25. Ne7+ Kh8 26. Qh3+ Nh7 27. b4 Qd6 28. Nf5 Qxb4 29. Kh2 g6 30. Rh1 Qd2 31. Rcd1 Qf4+ 32. Kg1 1-0

[Event "Sao Paulo Carnaval op"]
[Site "Sao Paulo"]
[Date "2020.02.25"]
[Round "7"]
[White "Gomes, Carlos"]
[Black "Da Rosa, Henrique Jaze Simoe"]
[Result "1/2-1/2"]
[WhiteElo "1581"]
[BlackElo "1729"]
[PlyCount "98"]
[EventDate "2020.02.22"]
[EventType "swiss"]
[EventRounds "7"]
[EventCountry "BRA"]
[SourceTitle "CBM 195 Extra"]
[Source "ChessBase"]
[SourceDate "2020.05.31"]
[SourceVersion "1"]
[SourceVersionDate "2020.05.31"]
[SourceQuality "1"]

1. e4 e5 2. Nf3 Nc6 3. Bc4 Nf6 4. d3 Be7 5. 0-0 0-0 6. Re1 d6 7. c3 Na5 8. Bb5 a6 9. Ba4 b5 10. Bc2 c5 11. Nbd2 h6 12. Nf1 Re8 13. Ng3 Nc6 14. a3 Qc7 15. h3 d5 16. Qe2 d4 17. Bd2 Be6 18. cxd4 cxd4 19. Rec1 Rac8 20. Qd1 Qd7 21. Bb3 Bd6 22. Bxe6 Qxe6 23. Rc2 Ne7 24. Rxc8 Rxc8 25. Rc1 Rxc1 26. Qxc1 Kh7 27. Nh2 Nd7 28. Qc2 Qa2 29. Nf3 f6 30. Ne1 Nb6 31. Ne2 Na4 32. b3 Qxc2 33. Nxc2 Nc5 34. Bb4 a5 35. Bxc5 Bxc5 36. Nc1 Nc6 37. f3 Kg8 38. Kf2 Kf7 39. g3 Bd6 40. Kg2 Ke6 41. Kf2 Nb8 42. Kg2 Na6 43. Kf2 Kd7 44. Ke2 Nc7 45. Kf2 Ne6 46. Kg2 Nc5 47. Kf2 a4 48. b4 Nb3 49. Na2 g6 1/2-1/2

[Event "Florianopolis op 6th"]
[Site "Florianopolis"]
[Date "2020.01.26"]
[Round "10"]
[White "Da Rosa, Henrique Jaze Simoe"]
[Black "Custodio, Leandro"]
[Result "0-1"]
[WhiteElo "1763"]
[BlackElo "1994"]
[PlyCount "30"]
[EventDate "2020.01.20"]
[EventType "swiss"]
[EventRounds "10"]
[EventCountry "BRA"]
[SourceTitle "CBM 194 Extra"]
[Source "ChessBase"]
[SourceDate "2020.03.31"]
[SourceVersion "1"]
[SourceVersionDate "2020.03.31"]
[SourceQuality "1"]

1. Nf3 Nc6 2. d4 d5 3. g3 Bg4 4. Nbd2 Nf6 5. Bg2 h5 6. 0-0 h4 7. b3 hxg3 8. fxg3 Nxd4 9. Nxd4 e5 10. N4f3 Bc5+ 11. Kh1 e4 12. Ng5 Nh5 13. Ndxe4 dxe4 14. Nxe4 Nxg3+ 15. Nxg3 Rxh2+ 0-1

[Event "Florianopolis op 6th"]
[Site "Florianopolis"]
[Date "2020.01.24"]
[Round "7"]
[White "Pereira, Geanfrancesco"]
[Black "Da Rosa, Henrique Jaze Simoe"]
[Result "1/2-1/2"]
[WhiteElo "2078"]
[BlackElo "1763"]
[PlyCount "108"]
[EventDate "2020.01.20"]
[EventType "swiss"]
[EventRounds "10"]
[EventCountry "BRA"]
[SourceTitle "CBM 194 Extra"]
[Source "ChessBase"]
[SourceDate "2020.03.31"]
[SourceVersion "1"]
[SourceVersionDate "2020.03.31"]
[SourceQuality "1"]

1. e4 e5 2. Nf3 Nc6 3. Bb5 a6 4. Bxc6 dxc6 5. d4 exd4 6. Qxd4 Qxd4 7. Nxd4 Bc5 8. Be3 Nf6 9. Nc3 Ng4 10. Ke2 Nxe3 11. Kxe3 Bxd4+ 12. Kxd4 Be6 13. Rad1 0-0-0+ 14. Ke3 Rhe8 15. f4 f6 16. a3 Rd6 17. h3 h5 18. Kf3 Red8 19. f5 Bf7 20. g4 Rd2 21. Rxd2 Rxd2 22. Rc1 Rh2 23. Kg3 Rd2 24. Nd1 Re2 25. Kf3 Re1 26. b3 Rh1 27. Rb1 Rxh3+ 28. Kf4 hxg4 29. Kxg4 Rh1 30. Nc3 Bh5+ 31. Kf4 Rxb1 32. Nxb1 Bd1 33. Nc3 Bxc2 34. b4 Kd7 35. e5 fxe5+ 36. Kxe5 Ke7 37. Ne2 Bd1 38. Nf4 b6 39. Ne6 Kf7 40. Nxc7 a5 41. bxa5 bxa5 42. Ne6 a4 43. Nd8+ Ke7 44. Nxc6+ Kd7 45. Nd4 Bg4 46. Nb5 Bd1 47. Nc3 Bb3 48. Ne4 Bd1 49. Ng5 Ke7 50. Kf4 Bc2 51. Nh7 Kd6 52. Nf8 Kc5 53. Ne6+ Kc4 54. Nxg7 Bxf5 1/2-1/2

[Event "Florianopolis op 6th"]
[Site "Florianopolis"]
[Date "2020.01.21"]
[Round "2"]
[White "Da Rosa, Henrique Jaze Simoe"]
[Black "De Lima, Alexsandro Barros"]
[Result "0-1"]
[WhiteElo "1763"]
[BlackElo "2205"]
[PlyCount "76"]
[EventDate "2020.01.20"]
[EventType "swiss"]
[EventRounds "10"]
[EventCountry "BRA"]
[SourceTitle "CBM 194 Extra"]
[Source "ChessBase"]
[SourceDate "2020.03.31"]
[SourceVersion "1"]
[SourceVersionDate "2020.03.31"]
[SourceQuality "1"]

1. Nf3 g6 2. c4 Bg7 3. g3 e5 4. d3 Nc6 5. Bg2 f5 6. 0-0 Nf6 7. Nc3 d6 8. e4 f4 9. gxf4 0-0 10. fxe5 dxe5 11. Bg5 h6 12. Bxf6 Qxf6 13. Nd5 Qd8 14. Qd2 Bg4 15. Ne1 Nd4 16. f3 Bh5 17. Qe3 c6 18. Nc3 Qb6 19. Qf2 Bf6 20. Kh1 Rf7 21. Rb1 Qd8 22. Ne2 Bh4 23. Ng3 Qg5 24. Rd1 Raf8 25. b3 Bg4 26. Kg1 Bc8 27. Kh1 h5 28. Qd2 Qe7 29. Qh6 Rg7 30. Qd2 Bg5 31. Qf2 h4 32. Ne2 Nxe2 33. Qxe2 h3 34. Rg1 hxg2+ 35. Qxg2 Be3 36. Rf1 Qh4 37. Qg3 Qxg3 38. hxg3 Rh7+ 0-1

[Event "Sao Paulo Hebraica op 27th"]
[Site "Sao Paulo"]
[Date "2020.01.12"]
[Round "6"]
[White "Da Rosa, Henrique Jaze Simoe"]
[Black "Correa, Joao Pedro Vieira"]
[Result "1/2-1/2"]
[WhiteElo "1763"]
[BlackElo "1665"]
[PlyCount "40"]
[EventDate "2020.01.10"]
[EventType "swiss"]
[EventRounds "6"]
[EventCountry "BRA"]
[SourceTitle "CBM 194 Extra"]
[Source "ChessBase"]
[SourceDate "2020.03.31"]
[SourceVersion "1"]
[SourceVersionDate "2020.03.31"]
[SourceQuality "1"]

1. Nf3 Nf6 2. c4 c5 3. g3 b6 4. Bg2 Bb7 5. 0-0 e6 6. Nc3 Be7 7. Re1 0-0 8. e4 d6 9. d4 cxd4 10. Nxd4 Qc8 11. b3 a6 12. Bb2 Nbd7 13. Qd2 Qc7 14. Rac1 Rac8 15. Rcd1 Rfd8 16. Qe2 Re8 17. Qd2 Red8 18. h3 Qb8 19. Qd3 Qa8 20. Qb1 Bf8 1/2-1/2